[Event "Bundesliga 9596"]
[Site "Deutschland"]
[Date "1995.??.??"]
[Round "?.6"]
[White "Thesing, Matthias"]
[Black "Borik, Otto"]
[Result "1/2-1/2"]
[WhiteElo "2410"]
[BlackElo "2400"]
[PlyCount "72"]
[EventDate "1995.10.??"]
[EventType "team"]
[EventRounds "15"]
[EventCountry "GER"]
[SourceTitle "Bundesliga 9596"]
[Source "DeepChess"]
[SourceDate "2005.01.01"]
[SourceVersion "1"]
[SourceVersionDate "2005.01.01"]
[SourceQuality "1"]
[WhiteTeam "PSV Turm Duisburg 1920 e.V."]
[BlackTeam "Delmenhorster SK 1931"]
[WhiteTeamCountry "GER"]
[BlackTeamCountry "GER"]

1. e4 c5 2. Nc3 e6 3. Nf3 Nc6 4. d4 cxd4 5. Nxd4 d6 6. Be3 Nf6 7. f4 e5 8. Nf3
Be7 9. Qd2 O-O 10. f5 a6 11. Bg5 b5 12. Bxf6 Bxf6 13. Nd5 Bb7 14. O-O-O Rc8 15.
g4 Nd4 16. Nxf6+ Qxf6 17. Nxd4 Bxe4 18. Bg2 Bxg2 19. g5 Qd8 20. Qxg2 exd4 21.
Rxd4 Qa5 22. a3 Rc5 23. f6 Rfc8 24. Rhd1 Rxc2+ 25. Qxc2 Rxc2+ 26. Kxc2 h6 27.
gxh6 g6 28. Rxd6 b4 29. axb4 Qxb4 30. R1d3 Kh7 31. Kb1 Qe4 32. R6d4 Qf5 33. Rd6
Kxh6 34. h3 g5 35. Ka2 Qb5 36. R6d4 Kg6 1/2-1/2

[Event "Bundesliga 9596"]
[Site "Deutschland"]
[Date "1995.??.??"]
[Round "?.7"]
[White "Breutigam, Martin"]
[Black "Pirrot, Dieter"]
[Result "1-0"]
[WhiteElo "2340"]
[BlackElo "2400"]
[PlyCount "101"]
[EventDate "1995.10.??"]
[EventType "team"]
[EventRounds "15"]
[EventCountry "GER"]
[SourceTitle "Bundesliga 9596"]
[Source "DeepChess"]
[SourceDate "2005.01.01"]
[SourceVersion "1"]
[SourceVersionDate "2005.01.01"]
[SourceQuality "1"]
[WhiteTeam "Delmenhorster SK 1931"]
[BlackTeam "PSV Turm Duisburg 1920 e.V."]
[WhiteTeamCountry "GER"]
[BlackTeamCountry "GER"]

1. d4 Nf6 2. c4 g6 3. Nc3 Bg7 4. Nf3 O-O 5. e3 d6 6. Be2 c5 7. O-O Bf5 8. Bd2
Nc6 9. d5 Nb4 10. a3 Na6 11. Nh4 e6 12. Nxf5 exf5 13. Rb1 Re8 14. b4 h5 15. h3
Nh7 16. Na4 b6 17. Bc3 Rc8 18. Bxg7 Kxg7 19. Nc3 Qd7 20. Qd3 Qe7 21. Bd1 Qf6
22. Ba4 Re7 23. Bc6 Nb8 24. bxc5 dxc5 25. Ba4 Rd8 26. Rfd1 Nf8 27. Qc2 Qh4 28.
Ne2 Rd6 29. Qc3+ Kh7 30. Nf4 Nbd7 31. Bxd7 Nxd7 32. a4 Re4 33. f3 Re8 34. a5
Ne5 35. axb6 axb6 36. Rdc1 Qg3 37. Kh1 g5 38. Nxh5 Qh4 39. f4 g4 40. fxe5 gxh3
41. exd6 Qxh5 42. Kg1 hxg2 43. d7 Qh1+ 44. Kf2 Qh4+ 45. Ke2 Rg8 46. Qe5 Qg4+
47. Kd3 Ra8 48. Ra1 Rxa1 49. Qh2+ Kg6 50. Rxa1 Qe4+ 51. Kd2 1-0

[Event "Bundesliga 9596"]
[Site "Deutschland"]
[Date "1995.??.??"]
[Round "?.8"]
[White "Prang, Edgar"]
[Black "Schlemermeyer, Wilhelm"]
[Result "1/2-1/2"]
[WhiteElo "2335"]
[BlackElo "2345"]
[PlyCount "37"]
[EventDate "1995.10.??"]
[EventType "team"]
[EventRounds "15"]
[EventCountry "GER"]
[SourceTitle "Bundesliga 9596"]
[Source "DeepChess"]
[SourceDate "2005.01.01"]
[SourceVersion "1"]
[SourceVersionDate "2005.01.01"]
[SourceQuality "1"]
[WhiteTeam "PSV Turm Duisburg 1920 e.V."]
[BlackTeam "Delmenhorster SK 1931"]
[WhiteTeamCountry "GER"]
[BlackTeamCountry "GER"]

1. d4 g6 2. g3 Bg7 3. Bg2 c5 4. c3 cxd4 5. cxd4 d5 6. Nc3 Nf6 7. Bg5 Nc6 8.
Bxf6 Bxf6 9. e3 e6 10. Nf3 O-O 11. O-O Bd7 12. Qe2 Rc8 13. Rfd1 Bg7 14. Rac1
Qe7 15. e4 dxe4 16. Qxe4 Rfd8 17. Qe3 Qb4 18. d5 exd5 19. Nxd5 1/2-1/2

[Event "Bundesliga 9596"]
[Site "Deutschland"]
[Date "1996.??.??"]
[Round "?.1"]
[White "Emms, John M"]
[Black "Rogers, Ian"]
[Result "1/2-1/2"]
[WhiteElo "2500"]
[BlackElo "2580"]
[PlyCount "52"]
[EventDate "1995.10.??"]
[EventType "team"]
[EventRounds "15"]
[EventCountry "GER"]
[SourceTitle "Bundesliga 9596"]
[Source "DeepChess"]
[SourceDate "2005.01.01"]
[SourceVersion "1"]
[SourceVersionDate "2005.01.01"]
[SourceQuality "1"]
[WhiteTeam "PSV/BSV Wuppertal 1921 e.V."]
[BlackTeam "Delmenhorster SK 1931"]
[WhiteTeamCountry "GER"]
[BlackTeamCountry "GER"]

1. e4 c6 2. d4 d5 3. Nd2 dxe4 4. Nxe4 Nf6 5. Nxf6+ exf6 6. c3 Bd6 7. Bd3 O-O 8.
Ne2 Re8 9. O-O Nd7 10. Bf4 Nf8 11. Qd2 Ne6 12. Bxd6 Qxd6 13. Rfe1 Bd7 14. Ng3
Rad8 15. Qc2 h6 16. Nf5 Qc7 17. Re3 Nf4 18. Rae1 Rxe3 19. Nxe3 c5 20. dxc5 Qxc5
21. Rd1 Qc7 22. Bh7+ Kh8 23. Be4 Re8 24. Bf3 Bc6 25. Bxc6 Qxc6 26. c4 g6
1/2-1/2

[Event "Bundesliga 9596"]
[Site "Deutschland"]
[Date "1996.??.??"]
[Round "?.2"]
[White "Stohl, Igor"]
[Black "Conquest, Stuart"]
[Result "1-0"]
[WhiteElo "2515"]
[BlackElo "2540"]
[PlyCount "89"]
[EventDate "1995.10.??"]
[EventType "team"]
[EventRounds "15"]
[EventCountry "GER"]
[SourceTitle "Bundesliga 9596"]
[Source "DeepChess"]
[SourceDate "2005.01.01"]
[SourceVersion "1"]
[SourceVersionDate "2005.01.01"]
[SourceQuality "1"]
[WhiteTeam "Delmenhorster SK 1931"]
[BlackTeam "PSV/BSV Wuppertal 1921 e.V."]
[WhiteTeamCountry "GER"]
[BlackTeamCountry "GER"]

1. d4 Nf6 2. Nf3 e6 3. c4 Bb4+ 4. Bd2 c5 5. g3 b6 6. Bg2 Bb7 7. O-O Bxd2 8.
Qxd2 cxd4 9. Qxd4 Nc6 10. Qd2 O-O 11. Nc3 Qe7 12. Rfd1 Rfd8 13. Nd4 Na5 14.
Bxb7 Nxb7 15. e4 Rac8 16. e5 Ne8 17. Qe2 Qb4 18. Qf3 Rxc4 19. Qxb7 Rxd4 20.
Rxd4 Qxd4 21. Qxa7 Qxe5 22. Qxb6 Rb8 23. Qa7 d5 24. Rb1 h5 25. a4 Nf6 26. f4
Qd6 27. Nb5 Qf8 28. Rc1 Ne4 29. Qd4 Rc8 30. Rxc8 Qxc8 31. Nc3 Nd6 32. b4 Nf5
33. Qc5 Qd8 34. a5 d4 35. Ne4 d3 36. Nd2 h4 37. g4 Nd4 38. Kf2 h3 39. a6 Qa8
40. Ke3 Nc2+ 41. Kxd3 Ne1+ 42. Ke2 Ng2 43. a7 Nxf4+ 44. Kd1 Kh7 45. Qe5 1-0

[Event "Bundesliga 9596"]
[Site "Deutschland"]
[Date "1996.??.??"]
[Round "?.3"]
[White "Schebler, Gerhard"]
[Black "Beckemeier, Werner"]
[Result "1-0"]
[WhiteElo "2420"]
[BlackElo "2375"]
[PlyCount "121"]
[EventDate "1995.10.??"]
[EventType "team"]
[EventRounds "15"]
[EventCountry "GER"]
[SourceTitle "Bundesliga 9596"]
[Source "DeepChess"]
[SourceDate "2005.01.01"]
[SourceVersion "1"]
[SourceVersionDate "2005.01.01"]
[SourceQuality "1"]
[WhiteTeam "PSV/BSV Wuppertal 1921 e.V."]
[BlackTeam "Delmenhorster SK 1931"]
[WhiteTeamCountry "GER"]
[BlackTeamCountry "GER"]

1. Nf3 Nf6 2. d4 e6 3. g3 c5 4. Bg2 cxd4 5. O-O d5 6. Nxd4 Nc6 7. c4 Bc5 8. Nb3
Be7 9. cxd5 Nxd5 10. Nc3 Nxc3 11. Qxd8+ Bxd8 12. bxc3 Be7 13. Be3 Bd7 14. Rfd1
Rc8 15. a4 f6 16. a5 Rc7 17. Nc5 Bc8 18. Bf4 e5 19. Be3 a6 20. Nxa6 Rd7 21.
Rxd7 Bxd7 22. Nb4 Kd8 23. a6 Bxb4 24. Bxc6 Bxc6 25. a7 Ke7 26. cxb4 b5 27. f4
Kd7 28. fxe5 fxe5 29. Bc5 Rd8 30. Kf2 Kc7 31. Ke3 Ba8 32. Rf1 Bd5 33. Rf5 Re8
34. Rh5 h6 35. Rf5 Kd7 36. h4 Ke6 37. Rf1 h5 38. Ra1 Kd7 39. Ra6 Bc6 40. Rb6
Ra8 41. Rb8 Kc7 42. Kf2 Kd7 43. g4 g6 44. Kg3 Kc7 45. Rb6 Kd7 46. Ra6 Kc7 47.
Ra1 Bd7 48. Rd1 Kc6 49. Rd6+ Kc7 50. Rxg6 Bxg4 51. Bd6+ Kd7 52. Bxe5 Bxe2 53.
Bb8 Ke7 54. Kf4 Kf7 55. Rb6 Bc4 56. Ke5 Be2 57. Kd4 Ke7 58. Kc5 Kd7 59. Rxb5
Bxb5 60. Kxb5 Kd8 61. Kb6 1-0

[Event "Bundesliga 9596"]
[Site "Deutschland"]
[Date "1996.??.??"]
[Round "?.4"]
[White "Hermann, Manfred"]
[Black "Hausrath, Daniel"]
[Result "1/2-1/2"]
[WhiteElo "2385"]
[BlackElo "2390"]
[PlyCount "46"]
[EventDate "1995.10.??"]
[EventType "team"]
[EventRounds "15"]
[EventCountry "GER"]
[SourceTitle "Bundesliga 9596"]
[Source "DeepChess"]
[SourceDate "2005.01.01"]
[SourceVersion "1"]
[SourceVersionDate "2005.01.01"]
[SourceQuality "1"]
[WhiteTeam "Delmenhorster SK 1931"]
[BlackTeam "PSV/BSV Wuppertal 1921 e.V."]
[WhiteTeamCountry "GER"]
[BlackTeamCountry "GER"]

1. e4 g6 2. d4 Bg7 3. c3 d6 4. f4 Nf6 5. e5 Nd5 6. Nf3 O-O 7. Bc4 c6 8. a4 Na6
9. O-O Nac7 10. a5 Rb8 11. Bd3 b5 12. axb6 axb6 13. Qe1 c5 14. Qh4 e6 15. Qxd8
Rxd8 16. exd6 Rxd6 17. dxc5 bxc5 18. Be2 Ba6 19. Bxa6 Rxa6 20. Rxa6 Nxa6 21.
Na3 Nac7 22. Ng5 Nf6 23. Rd1 h6 1/2-1/2

[Event "Bundesliga 9596"]
[Site "Deutschland"]
[Date "1996.??.??"]
[Round "?.5"]
[White "Kern, Guido"]
[Black "Reefschlaeger, Helmut"]
[Result "1/2-1/2"]
[WhiteElo "2365"]
[BlackElo "2350"]
[PlyCount "129"]
[EventDate "1995.10.??"]
[EventType "team"]
[EventRounds "15"]
[EventCountry "GER"]
[SourceTitle "Bundesliga 9596"]
[Source "DeepChess"]
[SourceDate "2005.01.01"]
[SourceVersion "1"]
[SourceVersionDate "2005.01.01"]
[SourceQuality "1"]
[WhiteTeam "PSV/BSV Wuppertal 1921 e.V."]
[BlackTeam "Delmenhorster SK 1931"]
[WhiteTeamCountry "GER"]
[BlackTeamCountry "GER"]

1. Nf3 d5 2. c4 c6 3. cxd5 cxd5 4. d4 Nf6 5. Nc3 Nc6 6. Bf4 Bf5 7. e3 e6 8. Qb3
Bb4 9. Bb5 O-O 10. Bxc6 Bxc3+ 11. Qxc3 Ne4 12. Qa3 bxc6 13. Ne5 Rc8 14. f3 f6
15. Nd3 Ng5 16. Nc5 Qe7 17. O-O Bg6 18. Bxg5 fxg5 19. Qc3 Rfe8 20. Rfe1 e5 21.
dxe5 Qxe5 22. Qxe5 Rxe5 23. Kf2 g4 24. f4 Re7 25. Rac1 h5 26. Red1 h4 27. Nb3
g3+ 28. hxg3 hxg3+ 29. Kxg3 Rxe3+ 30. Kf2 Re4 31. g3 Bf7 32. Rc5 g5 33. f5 Kg7
34. Nd4 Kf6 35. b4 a6 36. a3 Be8 37. Ra5 Bh5 38. Rd2 Ke5 39. Ne6 Kxf5 40. Nc5
Re7 41. Rxa6 Bg4 42. Nb3 Rh8 43. Rxc6 Rh2+ 44. Kf1 Bh3+ 45. Kg1 Rxd2 46. Nxd2
Re2 47. Nf3 Rg2+ 48. Kf1 Ra2+ 49. Ke1 Rxa3 50. Kf2 Bg4 51. Nd2 Ra2 52. Ke3 Ke5
53. Nf3+ Bxf3 54. Kxf3 Rb2 55. Kg4 d4 56. Kxg5 d3 57. Rc1 Rxb4 58. g4 d2 59.
Rd1 Rd4 60. Kh6 Rd6+ 61. Kh5 Rd3 62. g5 Kf4 63. Rf1+ Rf3 64. Rd1 Rf2 65. Kg6
1/2-1/2

[Event "Bundesliga 9596"]
[Site "Deutschland"]
[Date "1996.??.??"]
[Round "?.6"]
[White "Borik, Otto"]
[Black "Fischdick, Gisela"]
[Result "1/2-1/2"]
[WhiteElo "2400"]
[BlackElo "2300"]
[PlyCount "67"]
[EventDate "1995.10.??"]
[EventType "team"]
[EventRounds "15"]
[EventCountry "GER"]
[SourceTitle "Bundesliga 9596"]
[Source "DeepChess"]
[SourceDate "2005.01.01"]
[SourceVersion "1"]
[SourceVersionDate "2005.01.01"]
[SourceQuality "1"]
[WhiteTeam "Delmenhorster SK 1931"]
[BlackTeam "PSV/BSV Wuppertal 1921 e.V."]
[WhiteTeamCountry "GER"]
[BlackTeamCountry "GER"]

1. d4 d5 2. Nf3 Nf6 3. e3 c6 4. Nbd2 Bf5 5. Be2 e6 6. Ne5 h6 7. O-O Nbd7 8. f4
Bd6 9. b3 O-O 10. Bb2 Ne4 11. Ndf3 a5 12. a3 Qe7 13. Kh1 Rfd8 14. Qe1 a4 15. b4
Nb6 16. Rg1 f6 17. Nd3 Nc4 18. Bc1 Rf8 19. Nc5 b5 20. Nh4 Bh7 21. Nxe4 Bxe4 22.
Bd3 Qf7 23. Qe2 g5 24. Nf3 Qh5 25. Rf1 Ra7 26. Rf2 Rg7 27. Bxe4 dxe4 28. Nd2
Qxe2 29. Rxe2 Nxd2 30. Bxd2 gxf4 31. exf4 f5 32. Be3 Rd8 33. c4 Be7 34. c5
1/2-1/2

[Event "Bundesliga 9596"]
[Site "Deutschland"]
[Date "1996.??.??"]
[Round "?.7"]
[White "Florath, Patrick"]
[Black "Breutigam, Martin"]
[Result "0-1"]
[WhiteElo "2275"]
[BlackElo "2340"]
[PlyCount "142"]
[EventDate "1995.10.??"]
[EventType "team"]
[EventRounds "15"]
[EventCountry "GER"]
[SourceTitle "Bundesliga 9596"]
[Source "DeepChess"]
[SourceDate "2005.01.01"]
[SourceVersion "1"]
[SourceVersionDate "2005.01.01"]
[SourceQuality "1"]
[WhiteTeam "PSV/BSV Wuppertal 1921 e.V."]
[BlackTeam "Delmenhorster SK 1931"]
[WhiteTeamCountry "GER"]
[BlackTeamCountry "GER"]

1. e4 e5 2. Nf3 Nc6 3. c3 d5 4. Qa4 Bd7 5. exd5 Nd4 6. Qd1 Nxf3+ 7. Qxf3 Nf6 8.
Bc4 e4 9. Qe2 Bd6 10. d4 O-O 11. Bg5 h6 12. Bxf6 Qxf6 13. Nd2 Qg6 14. O-O-O
Rfe8 15. h3 f5 16. Bb3 f4 17. Nc4 Bf5 18. Nxd6 cxd6 19. Rhg1 Qg5 20. Rde1 e3
21. f3 Rac8 22. Qb5 Re7 23. Qb4 Bg6 24. Re2 Bd3 25. Ree1 Bh7 26. Re2 Qf5 27.
Bc2 Qf6 28. Bxh7+ Kxh7 29. Qb3 g6 30. Rd1 Qf5 31. a4 b6 32. Rg1 h5 33. Rd1 h4
34. Qb5 Rec7 35. Rc2 Rc4 36. Re2 Kh6 37. Rc2 Kg5 38. Re2 Kf6 39. Rc2 a6 40.
Qxa6 Qxd5 41. Qb5 Qxb5 42. axb5 Ra4 43. Re2 Ra5 44. Kc2 Rxb5 45. Ra1 Ra5 46.
Rxa5 bxa5 47. Re1 Rb8 48. c4 d5 49. c5 Rb4 50. Kc3 Rc4+ 51. Kd3 a4 52. Rb1 Ke6
53. b4 axb3 54. Rxb3 Rc1 55. Rb6+ Kf5 56. Rb2 Ke6 57. Rb6+ Ke7 58. Rb2 Kd7 59.
Rb7+ Kc6 60. Rb6+ Kc7 61. Rb2 Rd1+ 62. Kc3 Ra1 63. Kb3 Rf1 64. Kc3 Rf2 65. Rb6
Rxg2 66. Rf6 Rg1 67. Kd3 Rd1+ 68. Ke2 Rxd4 69. Rxg6 Rd2+ 70. Ke1 d4 71. Rd6 d3
0-1

[Event "Bundesliga 9596"]
[Site "Deutschland"]
[Date "1996.??.??"]
[Round "?.1"]
[White "Hracek, Zbynek"]
[Black "Rogers, Ian"]
[Result "0-1"]
[WhiteElo "2650"]
[BlackElo "2580"]
[PlyCount "76"]
[EventDate "1995.10.??"]
[EventType "team"]
[EventRounds "15"]
[EventCountry "GER"]
[SourceTitle "Bundesliga 9596"]
[Source "DeepChess"]
[SourceDate "2005.01.01"]
[SourceVersion "1"]
[SourceVersionDate "2005.01.01"]
[SourceQuality "1"]
[WhiteTeam "SAbt SV Werder Bremen"]
[BlackTeam "Delmenhorster SK 1931"]
[WhiteTeamCountry "GER"]
[BlackTeamCountry "GER"]

1. e4 c6 2. d4 d5 3. Nc3 dxe4 4. Nxe4 Bf5 5. Ng3 Bg6 6. h4 h6 7. Nf3 Nd7 8. h5
Bh7 9. Bd3 Bxd3 10. Qxd3 e6 11. Bf4 Ngf6 12. O-O-O Be7 13. Rhe1 O-O 14. Ne5 a5
15. c4 a4 16. Kb1 a3 17. b3 Qa5 18. Bd2 Bb4 19. f4 Rad8 20. Bxb4 Qxb4 21. Kc2
Nc5 22. Qc3 Na6 23. Rd2 c5 24. Red1 cxd4 25. Rxd4 Rxd4 26. Rxd4 Qc5 27. Nd3 Qc6
28. Qd2 b5 29. Kd1 bxc4 30. Rxc4 Qb6 31. Qf2 Qd8 32. Ke2 Nc7 33. Qd4 Nfd5 34.
Kf3 Nb5 35. Qc5 Nd6 36. Ra4 Nf6 37. Ne5 Nf5 38. Nxf5 Qd1+ 0-1

[Event "Bundesliga 9596"]
[Site "Deutschland"]
[Date "1996.??.??"]
[Round "?.2"]
[White "Stohl, Igor"]
[Black "Kindermann, Stefan"]
[Result "1/2-1/2"]
[WhiteElo "2515"]
[BlackElo "2575"]
[PlyCount "43"]
[EventDate "1995.10.??"]
[EventType "team"]
[EventRounds "15"]
[EventCountry "GER"]
[SourceTitle "Bundesliga 9596"]
[Source "DeepChess"]
[SourceDate "2005.01.01"]
[SourceVersion "1"]
[SourceVersionDate "2005.01.01"]
[SourceQuality "1"]
[WhiteTeam "Delmenhorster SK 1931"]
[BlackTeam "SAbt SV Werder Bremen"]
[WhiteTeamCountry "GER"]
[BlackTeamCountry "GER"]

1. d4 Nf6 2. c4 g6 3. g3 Bg7 4. Bg2 O-O 5. Nc3 d6 6. Nf3 Nc6 7. O-O a6 8. Bg5
h6 9. Bd2 Rb8 10. d5 Na5 11. b3 c5 12. a4 e6 13. dxe6 Bxe6 14. Bf4 Nh5 15. Rc1
Nxf4 16. gxf4 Qe7 17. e3 Nc6 18. Nd5 Bxd5 19. Qxd5 Nb4 20. Qd2 Rfd8 21. Ne1 b5
22. axb5 1/2-1/2

[Event "Bundesliga 9596"]
[Site "Deutschland"]
[Date "1996.??.??"]
[Round "?.3"]
[White "Blatny, Pavel"]
[Black "Beckemeier, Werner"]
[Result "0-1"]
[WhiteElo "2515"]
[BlackElo "2375"]
[PlyCount "46"]
[EventDate "1995.10.??"]
[EventType "team"]
[EventRounds "15"]
[EventCountry "GER"]
[SourceTitle "Bundesliga 9596"]
[Source "DeepChess"]
[SourceDate "2005.01.01"]
[SourceVersion "1"]
[SourceVersionDate "2005.01.01"]
[SourceQuality "1"]
[WhiteTeam "SAbt SV Werder Bremen"]
[BlackTeam "Delmenhorster SK 1931"]
[WhiteTeamCountry "GER"]
[BlackTeamCountry "GER"]

1. e4 e5 2. Nf3 Nc6 3. d4 exd4 4. Bc4 Bc5 5. c3 Nf6 6. e5 d5 7. Bb5 Ne4 8. cxd4
Bb6 9. Nc3 O-O 10. Be3 Bg4 11. h3 Bh5 12. g4 Bg6 13. Ne2 f6 14. Bxc6 bxc6 15.
O-O fxe5 16. Nxe5 Qh4 17. Nf4 Rxf4 18. Bxf4 Rf8 19. Nxg6 hxg6 20. Be5 Qxh3 21.
f3 Ng3 22. Qd3 Re8 23. f4 Bxd4+ 0-1

[Event "Bundesliga 9596"]
[Site "Deutschland"]
[Date "1996.??.??"]
[Round "?.4"]
[White "Hermann, Manfred"]
[Black "Knaak, Rainer"]
[Result "0-1"]
[WhiteElo "2385"]
[BlackElo "2540"]
[PlyCount "74"]
[EventDate "1995.10.??"]
[EventType "team"]
[EventRounds "15"]
[EventCountry "GER"]
[SourceTitle "Bundesliga 9596"]
[Source "DeepChess"]
[SourceDate "2005.01.01"]
[SourceVersion "1"]
[SourceVersionDate "2005.01.01"]
[SourceQuality "1"]
[WhiteTeam "Delmenhorster SK 1931"]
[BlackTeam "SAbt SV Werder Bremen"]
[WhiteTeamCountry "GER"]
[BlackTeamCountry "GER"]

1. e4 e6 2. d4 d5 3. exd5 exd5 4. Nf3 Bd6 5. c4 Nf6 6. Nc3 c6 7. c5 Be7 8. Bd3
b6 9. cxb6 axb6 10. h3 O-O 11. O-O Nbd7 12. Bf4 Re8 13. Re1 Nf8 14. Rc1 Bb7 15.
a3 Ne6 16. Bh2 g6 17. Ne2 Ne4 18. Nf4 Bf6 19. Nxe6 Rxe6 20. Be5 c5 21. Bb1 Qe7
22. Re2 Ng5 23. Bxf6 Nxf3+ 24. gxf3 Qxf6 25. Rxe6 Qxe6 26. dxc5 bxc5 27. Rxc5
Qf6 28. Qb3 Re8 29. Qd1 Qxb2 30. Qc1 Qe2 31. Rc7 Ba6 32. Kg2 Bc4 33. a4 Qe5 34.
Rc6 Kg7 35. a5 Ra8 36. Qd2 Qa1 37. Bd3 Qd4 0-1

[Event "Bundesliga 9596"]
[Site "Deutschland"]
[Date "1996.??.??"]
[Round "?.5"]
[White "Heissler, Jakob"]
[Black "Reefschlaeger, Helmut"]
[Result "1-0"]
[WhiteElo "2450"]
[BlackElo "2350"]
[PlyCount "77"]
[EventDate "1995.10.??"]
[EventType "team"]
[EventRounds "15"]
[EventCountry "GER"]
[SourceTitle "Bundesliga 9596"]
[Source "DeepChess"]
[SourceDate "2005.01.01"]
[SourceVersion "1"]
[SourceVersionDate "2005.01.01"]
[SourceQuality "1"]
[WhiteTeam "SAbt SV Werder Bremen"]
[BlackTeam "Delmenhorster SK 1931"]
[WhiteTeamCountry "GER"]
[BlackTeamCountry "GER"]

1. e4 e6 2. d4 d5 3. Nc3 Nf6 4. Bg5 Bb4 5. e5 h6 6. Bd2 Bxc3 7. bxc3 Ne4 8. Qg4
Kf8 9. h4 c5 10. Bd3 Nxd2 11. Kxd2 Nc6 12. Nf3 c4 13. Be2 b5 14. a3 a5 15. Qf4
Rb8 16. Rhb1 Qe7 17. g4 Bd7 18. g5 b4 19. axb4 axb4 20. cxb4 Rxb4 21. c3 Rxb1
22. Rxb1 Be8 23. Bd1 Qa7 24. Bc2 Na5 25. Ke2 Nc6 26. Qc1 hxg5 27. Ra1 Qe7 28.
hxg5 f5 29. exf6 gxf6 30. Qf4 f5 31. Ba4 Nd8 32. Bxe8 Kxe8 33. Qb8 Rh7 34. g6
Rg7 35. Ne5 Qh4 36. Ra8 Rg8 37. Qd6 Qe4+ 38. Kd2 Qf4+ 39. Kd1 1-0

[Event "Bundesliga 9596"]
[Site "Deutschland"]
[Date "1996.??.??"]
[Round "?.6"]
[White "Borik, Otto"]
[Black "Meins, Gerlef"]
[Result "0-1"]
[WhiteElo "2400"]
[BlackElo "2445"]
[PlyCount "106"]
[EventDate "1995.10.??"]
[EventType "team"]
[EventRounds "15"]
[EventCountry "GER"]
[SourceTitle "Bundesliga 9596"]
[Source "DeepChess"]
[SourceDate "2005.01.01"]
[SourceVersion "1"]
[SourceVersionDate "2005.01.01"]
[SourceQuality "1"]
[WhiteTeam "Delmenhorster SK 1931"]
[BlackTeam "SAbt SV Werder Bremen"]
[WhiteTeamCountry "GER"]
[BlackTeamCountry "GER"]

1. e4 c5 2. Nf3 Nc6 3. d4 cxd4 4. Nxd4 Nf6 5. Nc3 d6 6. Bg5 e6 7. Qd2 Be7 8.
O-O-O O-O 9. Nb3 a5 10. a4 Qb6 11. Bb5 Rd8 12. Rhe1 Nb4 13. f3 Qc7 14. Kb1 e5
15. Na2 Nxa2 16. Kxa2 Be6 17. c4 d5 18. exd5 Nxd5 19. Bxe7 Nxe7 20. Qc3 Nc6 21.
Rxd8+ Rxd8 22. Bxc6 Qxc6 23. Qxa5 b6 24. Qb5 Qxb5 25. axb5 Bxc4 26. Re3 f6 27.
Ka3 Bxb5 28. Kb4 Bf1 29. g3 Rd3 30. Rxd3 Bxd3 31. Nc1 Bf1 32. Na2 Kf7 33. Nc3
Ke6 34. Na4 Bg2 35. Nxb6 Bxf3 36. Kc5 f5 37. b4 f4 38. gxf4 exf4 39. Kd4 g5 40.
Nc4 Be2 41. Nd2 Kf5 42. Ne4 h5 43. b5 Bf3 44. Nd6+ Ke6 45. Nc4 g4 46. b6 g3 47.
hxg3 fxg3 48. Ke3 Bd5 49. Na3 h4 50. Nb5 Ke5 51. Nc3 Ba8 52. Ne2 Kf5 53. Nf4
Kg4 0-1

[Event "Bundesliga 9596"]
[Site "Deutschland"]
[Date "1996.??.??"]
[Round "?.7"]
[White "Floegel, Ulrich"]
[Black "Breutigam, Martin"]
[Result "1/2-1/2"]
[WhiteElo "2355"]
[BlackElo "2340"]
[PlyCount "119"]
[EventDate "1995.10.??"]
[EventType "team"]
[EventRounds "15"]
[EventCountry "GER"]
[SourceTitle "Bundesliga 9596"]
[Source "DeepChess"]
[SourceDate "2005.01.01"]
[SourceVersion "1"]
[SourceVersionDate "2005.01.01"]
[SourceQuality "1"]
[WhiteTeam "SAbt SV Werder Bremen"]
[BlackTeam "Delmenhorster SK 1931"]
[WhiteTeamCountry "GER"]
[BlackTeamCountry "GER"]

1. Nf3 Nc6 2. e4 e5 3. Bc4 Nf6 4. d3 Be7 5. c3 O-O 6. Nbd2 d6 7. Bb3 Be6 8. Bc2
d5 9. O-O Bd6 10. Re1 Qd7 11. b4 Rad8 12. Qe2 Rfe8 13. Nf1 a6 14. Ng3 d4 15.
cxd4 exd4 16. a3 Bg4 17. h3 Bxg3 18. hxg4 Bd6 19. g5 Nd5 20. Nh2 Nc3 21. Qh5 g6
22. Qh4 Bxh2+ 23. Qxh2 Ne5 24. Bf4 Qe6 25. Bb3 Qe7 26. Bxe5 Qxe5 27. f4 Qe7 28.
Rf1 Kh8 29. e5 Nd5 30. Bxd5 Rxd5 31. Rf3 Qe6 32. Qh6 Rg8 33. Kf2 Qf5 34. Rh1
Rg7 35. Rh4 c5 36. g4 Qc8 37. Rfh3 Qg8 38. f5 gxf5 39. gxf5 Rxe5 40. Qf6 Re3
41. Rxh7+ Qxh7 42. Rxh7+ Kxh7 43. bxc5 Rxd3 44. Qe7 Re3 45. Qxb7 Re5 46. c6
Rxf5+ 47. Ke2 Rfxg5 48. c7 Rc5 49. c8=Q Rxc8 50. Qxc8 Rg6 51. Qf8 Re6+ 52. Kd3
Kg6 53. Kxd4 Kf6 54. a4 Kg6 55. a5 Kf6 56. Qg8 Ke7 57. Kd5 Rd6+ 58. Kc5 Re6 59.
Qh8 Rg6 60. Qh4+ 1/2-1/2

[Event "Bundesliga 9596"]
[Site "Deutschland"]
[Date "1996.??.??"]
[Round "?.8"]
[White "Wesseln, Kai"]
[Black "Hedke, Fred"]
[Result "1/2-1/2"]
[WhiteElo "2355"]
[BlackElo "2375"]
[PlyCount "68"]
[EventDate "1995.10.??"]
[EventType "team"]
[EventRounds "15"]
[EventCountry "GER"]
[SourceTitle "Bundesliga 9596"]
[Source "DeepChess"]
[SourceDate "2005.01.01"]
[SourceVersion "1"]
[SourceVersionDate "2005.01.01"]
[SourceQuality "1"]
[WhiteTeam "Delmenhorster SK 1931"]
[BlackTeam "SAbt SV Werder Bremen"]
[WhiteTeamCountry "GER"]
[BlackTeamCountry "GER"]

1. d4 d5 2. c4 e6 3. Nc3 Nf6 4. cxd5 exd5 5. Bg5 Be7 6. e3 h6 7. Bh4 O-O 8. Bd3
b6 9. Nf3 Bb7 10. Ne5 Nbd7 11. f4 Ne4 12. Bxe7 Qxe7 13. O-O Nxe5 14. fxe5 c5
15. Qe1 Rad8 16. Rd1 Qg5 17. Qe2 f6 18. Bxe4 dxe4 19. exf6 cxd4 20. exd4 Rxf6
21. Rxf6 Qxf6 22. Nxe4 Qf4 23. Ng3 Rxd4 24. Rf1 Qg5 25. Qe6+ Kh7 26. Qf5+ Qg6
27. Qxg6+ Kxg6 28. h3 Rd3 29. Nh1 h5 30. Rf2 a5 31. Kh2 b5 32. a3 b4 33. axb4
axb4 34. Ng3 Rd5 1/2-1/2